<?xml version="1.0" encoding="UTF-8"?>
<collection xmlns="http://www.loc.gov/MARC21/slim">
    <record>
        <controlfield tag="001">65771</controlfield>
        <controlfield tag="005">20180223094306.0</controlfield>
        <datafield tag="037" ind1=" " ind2=" ">
            <subfield code="a">GDOC-2016-25951</subfield>
        </datafield>
        <datafield tag="041" ind1=" " ind2=" ">
            <subfield code="a">spa</subfield>
        </datafield>
        <datafield tag="100" ind1=" " ind2=" ">
            <subfield code="0">(orcid)0000-0002-1943-340X</subfield>
            <subfield code="1">391516</subfield>
            <subfield code="a">Marín Manrique, Héctor</subfield>
        </datafield>
        <datafield tag="245" ind1="0" ind2="0">
            <subfield code="9">25951</subfield>
            <subfield code="a">Psicología de los alumnos con necesidades educativas especiales</subfield>
        </datafield>
        <datafield tag="260" ind1=" " ind2=" ">
            <subfield code="a">Zaragoza</subfield>
            <subfield code="b">Universidad de Zaragoza</subfield>
            <subfield code="c">2016-2017</subfield>
        </datafield>
        <datafield tag="520" ind1=" " ind2=" ">
            <subfield code="a">Breve presentación de la asignatura
Ésta es una asignatura optativa que reporta al alumno 6 créditos. Se imparte a lo largo del primer cuatrimeste y está vinculada al Área de Conocimiento de la Psicología Evolutiva y de la Educación del Departamento de Psicología y Sociología de la Facultad de Ciencias de Humanas y Sociales del Campus Universitario de Teruel de la Universidad de Zaragoza.
            Se ubica dentro del plan de estudios que conduce a la obtención del título de Grado en Psicología por la Universidad de Zaragoza. El número de créditos exigidos para la obtención de dicho grado es de 240, de los cuales 60 corresponden a las asignaturas fundamentales, 108 son obligatorias, 42 son optativas, 6 del trabajo de fin de grado y 24 se obtienen con el Practicum y actividades universitarias de libre elección.</subfield>
            <subfield code="b"> </subfield>
        </datafield>
        <datafield tag="521" ind1=" " ind2=" ">
            <subfield code="9">103</subfield>
            <subfield code="a">Psicología</subfield>
        </datafield>
        <datafield tag="540" ind1=" " ind2=" ">
            <subfield code="a">by-nc-sa</subfield>
            <subfield code="b">Creative Commons</subfield>
            <subfield code="c">3.0</subfield>
            <subfield code="u">http://creativecommons.org/licenses/by-nc-sa/3.0/</subfield>
        </datafield>
        <datafield tag="830" ind1=" " ind2=" ">
            <subfield code="9">270</subfield>
        </datafield>
        <datafield tag="856" ind1="4" ind2=" ">
            <subfield code="s">15338</subfield>
            <subfield code="u">http://zaguan.unizar.es/record/65771/files/guia-25951-es.pdf</subfield>
            <subfield code="y">Guía (idioma español)</subfield>
        </datafield>
        <datafield tag="856" ind1="4" ind2=" ">
            <subfield code="s">7228</subfield>
            <subfield code="u">http://zaguan.unizar.es/record/65771/files/guia-25951-en.pdf</subfield>
            <subfield code="y">Guide (english)</subfield>
        </datafield>
        <datafield tag="970" ind1=" " ind2=" ">
            <subfield code="a">GDOC-2016-25951</subfield>
        </datafield>
        <datafield tag="980" ind1=" " ind2=" ">
            <subfield code="a">GDOC</subfield>
            <subfield code="b">Ciencias sociales y jurídicas</subfield>
            <subfield code="c">301</subfield>
        </datafield>
    </record>

    
</collection>